[Event "ICS rated blitz match"]
[Site "204.178.125.65"]
[Date "2000.11.22"]
[Round "?"]
[White "Valg"]
[Black "Hossa"]
[Result "1-0"]
[WhiteElo "2554"]
[BlackElo "2486"]
[PlyCount "97"]
[EventDate "2000.??.??"]

1. e4 g6 2. d4 Bg7 3. Nc3 e6 4. Nf3 d6 5. Bg5 Ne7 6. Qd2 h6 7. Be3 d5 8. exd5
exd5 9. O-O-O Na6 10. Re1 Nb4 11. Nb5 Na6 12. Kb1 c6 13. Nc3 Nb4 14. a3 Na6 15.
Rg1 b5 16. Na2 Be6 17. Nc3 Nc7 18. Bd3 a5 19. Ne2 Nf5 20. Nf4 Nxe3 21. Qxe3 O-O
22. Bxg6 Re8 23. Bh5 Bg4 24. Ne5 Bxe5 25. dxe5 Bc8 26. Nh3 Re6 27. Qg3+ Kf8 28.
Qf3 Qd7 29. Bg4 c5 30. Nf4 Kg8 31. Qg3 Kh8 32. Qh3 Kh7 33. Bf5+ Kg8 34. Re3 Qe7
35. Bxe6 Nxe6 36. Rg3+ Ng7 37. Qxh6 Qxe5 38. Nh5 Kf8 39. Nxg7 d4 40. Nf5+ Ke8
41. Qc6+ Kf8 42. f4 Bxf5 43. fxe5 Bg6 44. Rxg6 fxg6 45. Qxg6 Ke7 46. Rf1 Rh8
47. Rf7+ Kd8 48. Qd6+ Ke8 49. Qe7# {Hossa checkmated} 1-0

[Event "ICS rated blitz match"]
[Site "204.178.125.65"]
[Date "2000.11.22"]
[Round "?"]
[White "Hossa"]
[Black "Valg"]
[Result "0-1"]
[WhiteElo "2473"]
[BlackElo "2567"]
[PlyCount "114"]
[EventDate "2000.??.??"]

1. e4 e5 2. Bc4 Nf6 3. d3 Nc6 4. Nc3 Bb4 5. Bg5 h6 6. Bh4 g5 7. Bg3 d5 8. exd5
Nxd5 9. Qd2 Be6 10. a3 Bxc3 11. bxc3 h5 12. h4 Nf4 13. Bxe6 fxe6 14. Kf1 Qd5
15. Rh2 gxh4 16. Bxf4 exf4 17. Qxf4 O-O-O 18. Rxh4 Kb8 19. Nf3 Rhg8 20. c4 Qd7
21. Qh6 Rh8 22. Qe3 Qg7 23. Rb1 Rdg8 24. g3 Qc3 25. Qe2 Rg4 26. Rh3 a6 27. a4
Rh6 28. Kg1 Qf6 29. Qe3 Ka8 30. c3 Rh8 31. d4 Qf5 32. Re1 Rg7 33. Rh2 Rf8 34.
Ne5 Na5 35. Qe2 Rh8 36. Rh4 Rhh7 37. Qd2 Rh8 38. Qb2 Rf8 39. Qe2 Rh8 40. d5
exd5 41. cxd5 Re7 42. Kg2 Nb3 43. Rb4 Nc5 44. f4 Rg8 45. Qf2 Nd7 46. d6 Reg7
47. dxc7 h4 48. a5 Rxg3+ 49. Kf1 Nxe5 50. c8=Q+ Qxc8 51. Rxe5 Qxc3 52. Rbe4
Qd3+ 53. Re2 Rh3 54. Qe3 Rf3+ 55. Qf2 Rxf2+ 56. Kxf2 Qg3+ 57. Kf1 Qg1# {
Hossa checkmated} 0-1

[Event "ICS rated blitz match"]
[Site "204.178.125.65"]
[Date "2000.11.22"]
[Round "?"]
[White "Valg"]
[Black "Hossa"]
[Result "1-0"]
[WhiteElo "2579"]
[BlackElo "2461"]
[PlyCount "123"]
[EventDate "2000.??.??"]

1. e4 e5 2. Nf3 Nc6 3. Bb5 a6 4. Ba4 Nf6 5. O-O Be7 6. Re1 b5 7. Bb3 d6 8. c3
O-O 9. h3 Na5 10. Bc2 c5 11. d4 Qc7 12. Nbd2 cxd4 13. cxd4 Nc6 14. d5 Nb4 15.
Bb1 a5 16. Nf1 Na6 17. Qe2 Nc5 18. Ng3 b4 19. Be3 Ba6 20. Qd2 Rfc8 21. Rc1 Nfd7
22. Ne1 Qd8 23. Nd3 Bxd3 24. Bxd3 Nxd3 25. Qxd3 Rxc1+ 26. Rxc1 Bg5 27. Bxg5
Qxg5 28. Rc6 Nc5 29. Qc4 Qd2 30. Rxd6 Nd3 31. Rc6 Rf8 32. Rc8 Qxf2+ 33. Kh2 Ne1
34. Rxf8+ Kxf8 35. Qc8+ Ke7 36. d6+ Kxd6 37. Nf5+ Qxf5 38. Qxf5 Nd3 39. Qxf7
Nf4 40. Qxg7 h5 41. Qf8+ Kd7 42. Qf6 b3 43. axb3 Ne6 44. Qxe5 h4 45. Qxa5 Nf8
46. e5 Ke6 47. Qb6+ Kxe5 48. Qc5+ Ke4 49. Qxf8 Ke5 50. Qe8+ Kd5 51. Qd7+ Ke5
52. Qe7+ Kd5 53. Qxh4 Ke5 54. Qe7+ Kd5 55. g4 Kc6 56. g5 Kd5 57. g6 Kd4 58.
Qd8+ Kc5 59. g7 Kc6 60. g8=Q Kb7 61. Qgd5+ Ka7 62. Q5a8# {Hossa checkmated} 1-0

[Event "ICS rated blitz match"]
[Site "204.178.125.65"]
[Date "2000.11.22"]
[Round "?"]
[White "Hossa"]
[Black "Valg"]
[Result "0-1"]
[WhiteElo "2450"]
[BlackElo "2590"]
[PlyCount "116"]
[EventDate "2000.??.??"]

1. e4 e5 2. Nf3 Nc6 3. Bb5 a6 4. Ba4 Nf6 5. O-O Be7 6. Re1 b5 7. Bb3 d6 8. c3
O-O 9. h3 Na5 10. Bc2 c5 11. d4 Qc7 12. Nbd2 cxd4 13. cxd4 Nc6 14. Nb3 a5 15.
dxe5 dxe5 16. Bg5 Nb4 17. Bb1 a4 18. Qc1 Nc6 19. Nbd2 Rd8 20. Nf1 Be6 21. Rd1
Rxd1 22. Qxd1 Rd8 23. Qc1 Qd6 24. Qc2 Nd4 25. Nxd4 Qxd4 26. Be3 Qd6 27. f3 Qd1
28. b3 Bb4 29. a3 Bxb3 30. Qb2 Bxa3 31. Qxe5 Nd7 32. Qc7 Be7 33. e5 Kh8 34. Qc3
b4 35. Qd4 Qxd4 36. Bxd4 Nc5 37. Bb2 Nd3 38. Bxd3 Rxd3 39. Rc1 a3 40. Ba1 Be6
41. f4 b3 42. Rc7 Bd8 43. Rc1 b2 44. Rb1 Bb6+ 45. Kh1 bxa1=Q 46. Rxa1 a2 47. f5
Bd5 48. Kh2 Bd4 49. Rc1 Rc3 50. Rd1 Rc2 51. Kg3 Bxe5+ 52. Kg4 Rxg2+ 53. Ng3
Rxg3+ 54. Kh4 Rg2 55. Rf1 Bf6+ 56. Kh5 g6+ 57. fxg6 hxg6+ 58. Kh6 Bg7# {
Hossa checkmated} 0-1

[Event "ICS rated blitz match"]
[Site "204.178.125.65"]
[Date "2000.11.22"]
[Round "?"]
[White "Hossa"]
[Black "Valg"]
[Result "1-0"]
[WhiteElo "2440"]
[BlackElo "2600"]
[PlyCount "116"]
[EventDate "2000.??.??"]

1. e4 e5 2. Nf3 Nc6 3. Bb5 a6 4. Ba4 Nf6 5. O-O Be7 6. Re1 b5 7. Bb3 d6 8. c3
O-O 9. h3 Na5 10. Bc2 c5 11. d4 Qc7 12. Nbd2 cxd4 13. cxd4 Nc6 14. d5 Nb4 15.
Bb1 a5 16. Nf1 Na6 17. Qe2 Bd7 18. Bg5 Qd8 19. Bd2 Nc5 20. Rc1 Qe8 21. Bc2 b4
22. Ng3 Rc8 23. Qe1 Bd8 24. Be3 Qe7 25. Nd2 Bb5 26. Nb3 Na4 27. Nf5 Qd7 28. Bb1
Bc7 29. Bg5 Rfe8 30. Bxf6 g6 31. Qd2 Bd8 32. Rxc8 Qxc8 33. Nxd6 Qd7 34. Nxe8
Qxe8 35. Qg5 Bc7 36. Qh6 Qf8 37. Qxf8+ Kxf8 38. f4 exf4 39. Bc2 Nb6 40. Nc5 Nc4
41. Bd3 Bb6 42. Bd4 Ke7 43. Nb3 a4 44. Bc5+ Bxc5+ 45. Nxc5 Kd6 46. Nxa4 Bxa4
47. Bxc4 h5 48. Bd3 Bd7 49. a3 bxa3 50. Rxa3 f5 51. exf5 gxf5 52. Bc4 Kc5 53.
b3 f3 54. gxf3 f4 55. Kg2 Bf5 56. Ra5+ Kd6 57. Ra6+ Kc5 58. Rc6+ Kd4 {
Valg resigns} 1-0

[Event "ICS rated blitz match"]
[Site "204.178.125.65"]
[Date "2000.11.22"]
[Round "?"]
[White "PeterCottonTail"]
[Black "Hossa"]
[Result "0-1"]
[WhiteElo "1991"]
[BlackElo "2463"]
[PlyCount "72"]
[EventDate "2000.??.??"]

1. d4 Nf6 2. e3 g6 3. c4 Bg7 4. Nc3 O-O 5. Bd3 d5 6. cxd5 Nxd5 7. h3 c5 8. Nf3
Nb4 9. Bb1 N8c6 10. a3 cxd4 11. exd4 Qa5 12. O-O Rd8 13. Be3 Nd5 14. Nxd5 Qxd5
15. Ba2 Qb5 16. d5 Bxb2 17. Rb1 Bf5 18. a4 Qb4 19. Qd2 Bxb1 20. Rxb1 Qxd2 21.
Bxd2 Bf6 22. dxc6 bxc6 23. Ba5 Rd7 24. Rc1 Rc8 25. Bb4 h6 26. Bc5 e6 27. Bc4
Rcd8 28. Kh2 Be7 29. Be3 g5 30. Ne5 Bd6 31. f4 gxf4 32. Bxf4 Bc7 33. Rf1 Rd4
34. Be2 Rxf4 35. Rxf4 Bxe5 36. g3 Bxf4 {PeterCottonTail resigns} 0-1

[Event "ICS rated standard match"]
[Site "204.178.125.65"]
[Date "2000.11.22"]
[Round "?"]
[White "BrazilianMaster"]
[Black "Hossa"]
[Result "1-0"]
[WhiteElo "2629"]
[BlackElo "2230"]
[PlyCount "123"]
[EventDate "2000.??.??"]

1. e4 e5 2. Nc3 Nf6 3. Nf3 Nc6 4. Bb5 Bb4 5. O-O O-O 6. d3 d6 7. Bg5 Bxc3 8.
bxc3 Qe7 9. Re1 a6 10. Bxc6 bxc6 11. d4 h6 12. Bh4 Bg4 13. h3 Bh5 14. Qd3 Rfb8
15. Nd2 Rb5 16. a4 Rb7 17. f4 c5 18. Nc4 cxd4 19. cxd4 g5 20. fxg5 Nh7 21. dxe5
dxe5 22. Qd5 c6 23. Qxc6 hxg5 24. Bg3 Qc7 25. Nxe5 Qxc6 26. Nxc6 Rc8 27. Rab1
Rxb1 28. Ne7+ Kf8 29. Nxc8 Rxe1+ 30. Bxe1 Bd1 31. c4 Nf6 32. Bb4+ Kg8 33. Ne7+
Kh7 34. a5 Bc2 35. e5 Ng8 36. Nc6 Bb3 37. c5 Bd5 38. Nb8 Ne7 39. Nxa6 Bb7 40.
Nc7 Nd5 41. a6 Bc6 42. Nxd5 Bxd5 43. g4 Bc4 44. a7 Bd5 45. Kf2 Kg6 46. Ke3 Kg7
47. Kd4 Bc6 48. Bd2 Kf8 49. Bxg5 Ke8 50. h4 Ba8 51. Bh6 Ke7 52. Bg7 Kd7 53. h5
Kc8 54. h6 Bf3 55. h7 Kb7 56. h8=Q Kxa7 57. Bf8 Kb7 58. Bd6 Ka6 59. Qd8 Kb5 60.
Qb6+ Ka4 61. Kc3 Bxg4 62. Qb4# {Hossa checkmated} 1-0

[Event "ICS rated blitz match"]
[Site "204.178.125.65"]
[Date "2000.11.22"]
[Round "?"]
[White "Hossa"]
[Black "sekere"]
[Result "1-0"]
[WhiteElo "2465"]
[BlackElo "2195"]
[PlyCount "59"]
[EventDate "2000.??.??"]

1. e4 e5 2. Nf3 Nc6 3. Bb5 a6 4. Ba4 Nf6 5. O-O Be7 6. Re1 b5 7. Bb3 O-O 8. h3
Bb7 9. d3 d6 10. a3 Nb8 11. Nc3 Nbd7 12. Be3 c5 13. Qe2 h6 14. Nd2 Re8 15. f4
Bf8 16. Rf1 Qc7 17. fxe5 dxe5 18. Qf2 Qd6 19. a4 b4 20. Nd5 Bxd5 21. Bxd5 Rac8
22. a5 Rc7 23. Bc4 Nb8 24. Bxh6 gxh6 25. Qxf6 Qxf6 26. Rxf6 Bg7 27. Rb6 Rc6 28.
Rf1 Rc7 29. Bxa6 Nxa6 30. Rxa6 {sekere resigns} 1-0

[Event "ICS rated blitz match"]
[Site "204.178.125.65"]
[Date "2000.11.22"]
[Round "?"]
[White "Valg"]
[Black "Hossa"]
[Result "0-1"]
[WhiteElo "2608"]
[BlackElo "2471"]
[PlyCount "222"]
[EventDate "2000.??.??"]

1. e4 e5 2. Nf3 Nc6 3. Bb5 a6 4. Ba4 Nf6 5. O-O Be7 6. Re1 b5 7. Bb3 d6 8. c3
O-O 9. h3 Na5 10. Bc2 c5 11. d4 Qc7 12. Nbd2 cxd4 13. cxd4 Nc6 14. d5 Nb4 15.
Bb1 a5 16. Nf1 Bd7 17. Bd2 Na6 18. Qe2 Nc5 19. Rc1 Rfc8 20. Be3 Qb6 21. Bd3 Rc7
22. Rc2 Rac8 23. N3d2 Qa6 24. Bxc5 dxc5 25. b3 a4 26. Rac1 Ra7 27. Ne3 axb3 28.
axb3 Rca8 29. Nf3 Bd6 30. Nh4 g6 31. Qf3 Be7 32. Rc3 Qa2 33. R1c2 Qa1+ 34. Bf1
Nh5 35. Rc1 Qa6 36. Nhf5 gxf5 37. Qxh5 Qg6 38. Qxg6+ fxg6 39. exf5 gxf5 40. g4
f4 41. Nf5 Bf8 42. Bd3 Ra2 43. Kg2 R8a3 44. Be4 Rb2 45. Rb1 Rxb1 46. Bxb1 b4
47. Rf3 Bb5 48. Be4 Be2 49. d6 Ra7 50. Bd5+ Kh8 51. Bc6 Ra1 52. d7 Rd1 53. g5
Kg8 54. h4 Kf7 55. h5 Ke6 56. Ne3 Rd6 57. Ng4 Be7 58. g6 hxg6 59. h6 Bf8 60. h7
Bg7 61. Ba4 Rxd7 62. Bxd7+ Kxd7 63. Nxe5+ Bxe5 64. Rxf4 Bd1 65. Rc4 Kd6 66. Re4
Bf6 67. Re3 Bc2 68. Kg1 Kd7 69. Rf3 Bf5 70. Rf4 Ke7 71. Rh4 Bh8 72. Rc4 Kd6 73.
Rf4 Kd7 74. Rc4 Kc6 75. Rf4 Kd5 76. Kg2 Ke6 77. Rc4 Kd6 78. Rh4 Be6 79. Rh6 Bf7
80. f4 Ke7 81. Rh3 c4 82. Re3+ Kf8 83. bxc4 Bxc4 84. Kg3 b3 85. Re1 b2 86. Kf3
Bd3 87. Rg1 b1=Q 88. Rxb1 Bxb1 89. Ke2 Kg7 90. Kf3 Kxh7 91. Kg3 Be5 92. fxe5
Kg7 93. Kg4 Kf7 94. Kg5 Ke6 95. Kf4 Bf5 96. Kg5 Kxe5 97. Kh4 Kf6 98. Kg3 g5 99.
Kf3 Ke5 100. Kg3 g4 101. Kh2 Kf4 102. Kg2 Be4+ 103. Kf2 g3+ 104. Ke2 g2 105.
Kf2 Bd5 106. Kg1 Ke3 107. Kh2 Kf2 108. Kh3 Be6+ 109. Kh4 g1=Q 110. Kh5 Bf5 111.
Kh6 Qg6# {Valg checkmated} 0-1

[Event "ICS rated blitz match"]
[Site "204.178.125.65"]
[Date "2000.11.22"]
[Round "?"]
[White "QueenMaxima"]
[Black "Hossa"]
[Result "0-1"]
[WhiteElo "2552"]
[BlackElo "2493"]
[PlyCount "180"]
[EventDate "2000.??.??"]

1. e4 e5 2. Nf3 Nc6 3. Bb5 a6 4. Ba4 Nf6 5. Nc3 Be7 6. O-O b5 7. Bb3 d6 8. Nd5
Nxe4 9. Nxe7 Nxe7 10. d4 exd4 11. Qxd4 Nf6 12. Bg5 c5 13. Qf4 c4 14. Bxf6 gxf6
15. Rad1 O-O 16. Rxd6 Ng6 17. Qd4 Qe7 18. Re1 Be6 19. Bxc4 bxc4 20. Nd2 Rfd8
21. Nxc4 Qc7 22. Rd1 Rxd6 23. Nxd6 Qxc2 24. Ne4 f5 25. Nf6+ Kg7 26. Ne8+ Kf8
27. Nf6 Qc4 28. Nd7+ Kg8 29. Qxc4 Bxc4 30. b3 Bb5 31. f3 Bxd7 32. Rxd7 Rc8 33.
Rd2 Nf4 34. Kf2 Rc3 35. Kg3 Nd3 36. Re2 Rc6 37. h4 Rg6+ 38. Kh2 Rh6 39. Kg3 Kg7
40. Rd2 f4+ 41. Kh3 Ne1 42. Re2 Re6 43. Rd2 Rg6 44. Re2 Nd3 45. Rd2 Rd6 46. Rc2
Nb4 47. Re2 Rg6 48. Rd2 Kf6 49. a3 Nc6 50. b4 Ke5 51. Rd7 Rg7 52. Rb7 Rg3+ 53.
Kh2 Rg6 54. Rxf7 h6 55. Rc7 Nd4 56. Rc5+ Kd6 57. a4 Rf6 58. Kh3 Nc6 59. Rc4 Kd5
60. Re4 Ne5 61. b5 Nd3 62. Re7 axb5 63. axb5 Kc4 64. Rb7 Rg6 65. Rc7+ Kxb5 66.
Re7 Kc5 67. Re8 Kc6 68. Rc8+ Kb5 69. Re8 Kb4 70. Rb8+ Kc3 71. Re8 Kd2 72. Ra8
Ke2 73. Ra2+ Kf1 74. h5 Rg3+ 75. Kh2 Rg5 76. Ra1+ Ne1 77. Kh3 Rxg2 78. Rxe1+
Kxe1 79. Kxg2 Ke2 80. Kh2 Kxf3 81. Kh3 Ke3 82. Kg4 f3 83. Kf5 Kd4 84. Kg6 Ke5
85. Kxh6 Kf6 86. Kh7 f2 87. Kh8 Kf7 88. Kh7 f1=R 89. h6 Rh1 90. Kh8 Rxh6# {
QueenMaxima checkmated} 0-1

[Event "ICS rated blitz match"]
[Site "204.178.125.65"]
[Date "2000.11.22"]
[Round "?"]
[White "Hossa"]
[Black "QueenMaxima"]
[Result "1-0"]
[WhiteElo "2512"]
[BlackElo "2533"]
[PlyCount "141"]
[EventDate "2000.??.??"]

1. e4 a5 2. d4 e6 3. Nf3 b6 4. Bd3 Bb4+ 5. c3 Be7 6. e5 Ba6 7. Bxa6 Nxa6 8. Bf4
g5 9. Be3 h5 10. O-O g4 11. Ne1 Bh4 12. Nd3 Nh6 13. g3 Be7 14. Bxh6 Rxh6 15. f3
h4 16. gxh4 g3 17. hxg3 Bxh4 18. Qd2 Qg5 19. Qxg5 Bxg5 20. f4 Be7 21. Kg2 c5
22. dxc5 Nxc5 23. Nxc5 Bxc5 24. Nd2 Ke7 25. Ne4 Rah8 26. Rh1 d5 27. exd6+ Bxd6
28. Rxh6 Rxh6 29. Nxd6 Kxd6 30. Rd1+ Kc5 31. g4 f6 32. b4+ axb4 33. cxb4+ Kc6
34. a4 Rh8 35. a5 bxa5 36. bxa5 Ra8 37. Ra1 Ra6 38. Kf3 Kd5 39. g5 fxg5 40.
fxg5 e5 41. Ra4 Ke6 42. Ke4 Ra7 43. a6 Rh7 44. Ra5 Rh4+ 45. Kd3 Rh3+ 46. Kc4
Rh4+ 47. Kc5 Rh8 48. a7 Rc8+ 49. Kb6 Kf5 50. g6 Kxg6 51. Rxe5 Kf6 52. Ra5 Ra8
53. Kb7 Rd8 54. Rc5 Ke6 55. Rb5 Kd6 56. Ra5 Re8 57. Ra4 Kd5 58. a8=Q Rxa8 59.
Rxa8 Ke4 60. Kc6 Kd4 61. Re8 Kc4 62. Rd8 Kb4 63. Kd5 Kc3 64. Kc5 Kb3 65. Rd3+
Kb2 66. Kb4 Kc2 67. Rd4 Kb2 68. Rc4 Ka2 69. Kc3 Ka3 70. Kc2 Ka2 71. Ra4# {
QueenMaxima checkmated} 1-0

[Event "ICS rated blitz match"]
[Site "204.178.125.65"]
[Date "2000.11.22"]
[Round "?"]
[White "PostModernist"]
[Black "Hossa"]
[Result "1/2-1/2"]
[WhiteElo "2585"]
[BlackElo "2529"]
[PlyCount "148"]
[EventDate "2000.??.??"]

1. d4 Nf6 2. c4 c5 3. d5 g6 4. Nc3 Bg7 5. e4 d6 6. f4 e6 7. Nf3 exd5 8. cxd5
Nbd7 9. Bb5 O-O 10. O-O a6 11. Bd3 Nb8 12. Bd2 b5 13. Ng5 Ng4 14. Kh1 h6 15.
Nf3 b4 16. Na4 Re8 17. a3 a5 18. h3 Nf6 19. Re1 c4 20. Bb1 Na6 21. Qe2 c3 22.
bxc3 Nxd5 23. axb4 axb4 24. Qc4 bxc3 25. Nxc3 Nxc3 26. Bxc3 Be6 27. Qd3 Nc5 28.
Rxa8 Nxd3 29. Rxd8 Rxd8 30. Bxd3 Bxc3 31. Rc1 Rc8 32. g4 d5 33. f5 gxf5 34.
gxf5 Bd7 35. exd5 Kg7 36. h4 Kf6 37. Rb1 Ba5 38. Nh2 h5 39. Ra1 Rc5 40. Be4 Rc4
41. Rxa5 Rxe4 42. Nf3 Bxf5 43. Kg2 Rg4+ 44. Kf2 Be4 45. d6 Bxf3 46. Kxf3 Ke6
47. Rxh5 Rd4 48. Rh6+ f6 49. Rh8 Rxd6 50. h5 Kf5 51. Rg8 Rd7 52. Kg3 Rh7 53.
Kh4 Kf4 54. Rg6 f5 55. h6 Kf3 56. Rb6 f4 57. Kh3 Rh8 58. Re6 Rh7 59. Ra6 Rh8
60. Rf6 Ke4 61. Kg4 Rg8+ 62. Kh5 Rg3 63. h7 Rh3+ 64. Kg6 Rxh7 65. Kxh7 f3 66.
Re6+ Kf5 67. Re7 Kf4 68. Re8 f2 69. Rf8+ Ke3 70. Rf7 Ke2 71. Rf8 Ke1 72. Rf7
Ke2 73. Rf8 Ke1 74. Rf7 Ke2 {Game drawn by repetition} 1/2-1/2

[Event "ICS rated blitz match"]
[Site "204.178.125.65"]
[Date "2000.11.22"]
[Round "?"]
[White "Hossa"]
[Black "QueenMaxima"]
[Result "1-0"]
[WhiteElo "2532"]
[BlackElo "2526"]
[PlyCount "181"]
[EventDate "2000.??.??"]

1. d4 Nf6 2. Nf3 d5 3. c3 Bf5 4. Nh4 Bg6 5. Nxg6 hxg6 6. Qb3 Qc8 7. e3 Nbd7 8.
c4 c5 9. cxd5 cxd4 10. Na3 Ng4 11. exd4 Nxh2 12. g4 Qb8 13. Bg2 a5 14. f4 Nf6
15. g5 a4 16. Qb5+ Nd7 17. Be4 Qa7 18. Qe2 Qxd4 19. Nc2 Qb6 20. Be3 Qa5+ 21.
Kd1 Nb6 22. Rxh2 Rxh2 23. Qxh2 Nxd5 24. Bd2 Qc5 25. Ke1 Rd8 26. Qf2 Qxf2+ 27.
Kxf2 Nf6 28. gxf6 Rxd2+ 29. Ke3 Rd7 30. fxe7 Bxe7 31. Bd3 Rd5 32. Ke4 Rh5 33.
Nd4 Rh2 34. Bc2 a3 35. bxa3 Kf8 36. Rb1 Bc5 37. Bd3 b6 38. Nb3 Bd6 39. Nc1 f5+
40. Kf3 Bc5 41. a4 Rf2+ 42. Kg3 Rd2 43. Rb3 Bf2+ 44. Kf3 Bc5 45. Rc3 Rf2+ 46.
Kg3 Rd2 47. Nb3 Bf2+ 48. Kf3 Rxa2 49. Rc6 Rb2 50. Nc1 Bd4 51. Rxg6 Rb4 52. Bb5
Ke7 53. Nd3 Rb3 54. Ke2 Bf6 55. Ne5 Rb2+ 56. Kd3 Rb1 57. Kc2 Ra1 58. Nc4 Kf7
59. Rg3 Bd4 60. Rd3 Bc5 61. Ne5+ Kf6 62. Nd7+ Ke6 63. Nxc5+ bxc5 64. Re3+ Kd6
65. Kb2 Rd1 66. Rd3+ Rxd3 67. Bxd3 g6 68. Kc3 Kd5 69. a5 Kc6 70. Kc4 Kd6 71. a6
Kc6 72. Bxf5 gxf5 73. a7 Kb7 74. Kxc5 Kxa7 75. Kd5 Kb6 76. Ke5 Kc5 77. Kxf5 Kd6
78. Kf6 Kd5 79. f5 Kd6 80. Kg7 Kd5 81. f6 Ke5 82. f7 Kd4 83. Kf6 Ke4 84. f8=Q
Kd4 85. Qc8 Kd5 86. Qc3 Ke4 87. Qd2 Kf3 88. Kf5 Kg3 89. Qe2 Kh3 90. Kf4 Kh4 91.
Qh2# {QueenMaxima checkmated} 1-0

[Event "ICS rated blitz match"]
[Site "204.178.125.65"]
[Date "2000.11.22"]
[Round "?"]
[White "QueenMaxima"]
[Black "Hossa"]
[Result "0-1"]
[WhiteElo "2510"]
[BlackElo "2548"]
[PlyCount "184"]
[EventDate "2000.??.??"]

1. e4 e5 2. f4 exf4 3. Nf3 h6 4. d4 g5 5. Bc4 d6 6. Nc3 Bg4 7. O-O c6 8. a4 Bg7
9. h3 Bh5 10. a5 Ne7 11. h4 Ng6 12. hxg5 hxg5 13. Qd3 g4 14. Ne1 Qf6 15. Ne2 g3
16. Nf3 Bxf3 17. Rxf3 Qh4 18. Bxf7+ Kxf7 19. Nxg3 c5 20. dxc5 dxc5 21. Qb3+ Ke8
22. Qxb7 Bd4+ 23. Kf1 fxg3 24. Qf7+ Kd8 25. Qd5+ Kc8 26. Qe6+ Kc7 27. Rf7+ Kd8
28. Qd6+ Ke8 29. Qxg6 Qh1+ 30. Ke2 Qh5+ 31. Qxh5 Rxh5 32. Rf3 Be5 33. Bf4 Bxf4
34. Rxf4 Nc6 35. Raf1 Rd8 36. Rf8+ Kd7 37. R1f7+ Kc8 38. Rxd8+ Kxd8 39. Rg7 c4
40. Rxg3 Rxa5 41. Kd2 Kc7 42. Kc3 Kb6 43. Rg4 Ra1 44. Rf4 Rg1 45. Kxc4 Rxg2 46.
Kd3 a5 47. Rf6 Kc7 48. Rf7+ Kd6 49. Rf6+ Kd7 50. Rf5 Rg3+ 51. Kc4 Re3 52. Rf7+
Ke6 53. Rf2 Rxe4+ 54. Kb5 Kd7 55. Rf7+ Ne7 56. Kxa5 Re1 57. c3 Ke6 58. Rg7 Nf5
59. Rh7 Rb1 60. c4 Nd6 61. c5 Ra1+ 62. Kb6 Nc4+ 63. Kc6 Ne5+ 64. Kb6 Nd7+ 65.
Kc6 Nf6 66. Rh8 Ng4 67. b3 Ne5+ 68. Kc7 Nf7 69. Rg8 Ra7+ 70. Kc6 Ra6+ 71. Kc7
Kd5 72. c6 Ra2 73. b4 Re2 74. b5 Kc5 75. b6 Re7+ 76. Kc8 Kxc6 77. b7 Nd6+ 78.
Kb8 Rxb7+ 79. Ka8 Rd7 80. Rh8 Kb6 81. Rg8 Ra7+ 82. Kb8 Re7 83. Rf8 Nf7 84. Ka8
Ra7+ 85. Kb8 Rd7 86. Rg8 Rb7+ 87. Ka8 Ra7+ 88. Kb8 Ne5 89. Rg6+ Nxg6 90. Kc8
Kc6 91. Kb8 Ra6 92. Kc8 Ra8# {QueenMaxima checkmated} 0-1

[Event "ICS rated blitz match"]
[Site "204.178.125.65"]
[Date "2000.11.22"]
[Round "?"]
[White "Hossa"]
[Black "PostModernist"]
[Result "0-1"]
[WhiteElo "2562"]
[BlackElo "2583"]
[PlyCount "106"]
[EventDate "2000.??.??"]

1. e4 c5 2. Nf3 g6 3. Nc3 Bg7 4. Bc4 Nc6 5. O-O d6 6. Ng5 e6 7. d3 Nf6 8. a3
O-O 9. Bd2 d5 10. Bb5 d4 11. Ne2 Bd7 12. b4 a6 13. Bxc6 Bxc6 14. bxc5 Nd7 15.
Nf3 e5 16. c3 Nxc5 17. cxd4 Ba4 18. Qb1 Nb3 19. Nc3 b5 20. Nxa4 bxa4 21. d5 Rb8
22. Bb4 Nxa1 23. Qxa1 Re8 24. Qa2 a5 25. Bc5 Rc8 26. Be3 Rc3 27. Rd1 Qd6 28.
Bc1 Qc5 29. Qa1 Rb8 30. Ne1 Rcb3 31. Qa2 Bf8 32. Qe2 Qc3 33. Bd2 Qc7 34. Rc1
Qd8 35. Nc2 Bxa3 36. Nxa3 Rxa3 37. Be3 Rab3 38. Qd1 a3 39. Ba7 R8b7 40. Be3 a2
41. Qc2 Ra3 42. Qd1 Qb8 43. Ba7 Qxa7 44. Rc8+ Kg7 45. Rc1 Qd4 46. h3 Qxd3 47.
Kh2 Qxd1 48. Rxd1 Rb1 49. Rxb1 axb1=Q 50. f3 Ra2 51. Kg3 Qe1+ 52. Kh2 Qf2 53.
d6 Qxg2# {Hossa checkmated} 0-1

[Event "ICS rated blitz match"]
[Site "204.178.125.65"]
[Date "2000.11.22"]
[Round "?"]
[White "PostModernist"]
[Black "Hossa"]
[Result "1-0"]
[WhiteElo "2598"]
[BlackElo "2547"]
[PlyCount "125"]
[EventDate "2000.??.??"]

1. d4 d5 2. Nf3 Nf6 3. e3 g6 4. Nbd2 Bf5 5. Nb3 Bh6 6. Bd3 Bxd3 7. Qxd3 O-O 8.
Bd2 b6 9. O-O-O a5 10. Be1 c5 11. dxc5 a4 12. Nbd4 bxc5 13. Ne2 Nbd7 14. Qa3
Qb6 15. Nc3 d4 16. Nxa4 Qb5 17. b3 dxe3 18. fxe3 Qe2 19. Bd2 Ne4 20. Qb2 Qxg2
21. Rdf1 Nxd2 22. Nxd2 Bxe3 23. Qc3 Bf4 24. Rfg1 Qd5 25. Rd1 Rfd8 26. Kb1 Nf6
27. Nb6 Qc6 28. Nbc4 Ng4 29. Rhe1 Nf2 30. Rc1 Qa6 31. a4 Qa7 32. Re2 Ng4 33.
Rf1 Rd4 34. Nf3 Rd7 35. Nfe5 Nxe5 36. Nxe5 Bxe5 37. Rxe5 Rc7 38. Rf4 f6 39. Rd5
Rf8 40. Qc4 Kg7 41. Rd1 e5 42. Rf2 Rff7 43. Rd6 Qa5 44. Rf1 f5 45. Rfd1 Rb7 46.
R6d5 Rb4 47. Qc3 Qxa4 48. Rxe5 Kh6 49. Qe3+ Kh5 50. Rg1 Rxb3+ 51. cxb3 Qh4 52.
Rg3 Rb7 53. Qf3+ Kh6 54. Qxb7 Qxh2 55. Ree3 Qf2 56. Qh1+ Kg7 57. Re7+ Kf8 58.
Qxh7 Qf1+ 59. Kb2 Qe2+ 60. Rxe2 c4 61. Qh6+ Kf7 62. Qxg6+ Kf8 63. Qxf5# {
Hossa checkmated} 1-0

[Event "ICS rated bullet match"]
[Site "204.178.125.65"]
[Date "2000.11.22"]
[Round "?"]
[White "Hossa"]
[Black "twixer"]
[Result "0-1"]
[WhiteElo "2560"]
[BlackElo "2663"]
[PlyCount "144"]
[EventDate "2000.??.??"]

1. e4 e5 2. Nf3 Nf6 3. Nxe5 d6 4. Nf3 Nxe4 5. Nc3 Nxc3 6. dxc3 Be7 7. Bd3 Nc6
8. O-O Be6 9. Nd4 Nxd4 10. cxd4 c6 11. c3 O-O 12. Qh5 g6 13. Qh6 Re8 14. Re1
Bf8 15. Qf4 Bf5 16. Be2 Qb6 17. b3 d5 18. Bd2 Bg7 19. Bg4 Re4 20. Rxe4 Bxe4 21.
Re1 f5 22. Be2 Re8 23. Qd6 Rf8 24. Qe6+ Kh8 25. Qe7 Kg8 26. b4 a5 27. a3 axb4
28. axb4 Rf7 29. Qe8+ Rf8 30. Qd7 Qa7 31. Qe7 Rf7 32. Qe8+ Rf8 33. Qe6+ Rf7 34.
b5 c5 35. Qc8+ Bf8 36. Bh6 cxd4 37. cxd4 Qxd4 38. Bxf8 Rxf8 39. Qe6+ Rf7 40.
Qc8+ Kg7 41. Qc1 Rd7 42. Qc8 Re7 43. Qd8 Qc5 44. Qa8 Qc3 45. Rf1 f4 46. Bg4 Bd3
47. Qa1 d4 48. Qxc3 dxc3 49. Rc1 Bxb5 50. g3 Rc7 51. gxf4 Bd3 52. Kg2 h5 53.
Be6 Kf6 54. Bd5 b5 55. Kf3 Rc5 56. Bb7 b4 57. Ke3 b3 58. Kxd3 b2 59. Kc2
bxc1=Q+ 60. Kxc1 Kf5 61. Kc2 Kxf4 62. Bg2 Ke5 63. Bh3 Kd4 64. Bd7 Rg5 65. Bc6
Ra5 66. Kc1 Kd3 67. Kb1 c2+ 68. Kb2 Kd2 69. Kb3 c1=Q 70. Ba4 Qc3+ 71. Ka2 Rxa4+
72. Kb1 Qc2# {Hossa checkmated} 0-1

[Event "ICS rated blitz match"]
[Site "204.178.125.65"]
[Date "2000.11.22"]
[Round "?"]
[White "Hossa"]
[Black "QueenMaxima"]
[Result "1-0"]
[WhiteElo "2533"]
[BlackElo "2530"]
[PlyCount "155"]
[EventDate "2000.??.??"]

1. e4 e5 2. Nf3 Nc6 3. Bb5 a6 4. Ba4 d6 5. O-O Nf6 6. Re1 Be7 7. d4 Bd7 8. dxe5
Nxe5 9. Bxd7+ Qxd7 10. Nc3 Rd8 11. Be3 O-O 12. h3 Rfe8 13. Qe2 Qc6 14. Bd4 Nfd7
15. Nd2 Bg5 16. Rf1 Bxd2 17. Qxd2 Nc4 18. Qc1 Nc5 19. b3 Ne5 20. Qe3 Ng6 21.
Bxc5 Qxc5 22. Qxc5 dxc5 23. Rfd1 Rd4 24. g3 h5 25. f4 h4 26. f5 Ne5 27. Kg2
hxg3 28. Kxg3 Nc6 29. a3 Rxd1 30. Rxd1 Nd4 31. h4 c6 32. Rd2 Nxf5+ 33. exf5
Re3+ 34. Kf4 Rxc3 35. Rd8+ Kh7 36. Rd7 c4 37. Rxb7 Rxc2 38. b4 c3 39. Rc7 Ra2
40. Rxc6 Rxa3 41. Ke3 Rb3 42. Rb6 Rb2 43. Kd3 Rf2 44. Rxa6 Rxf5 45. Kxc3 Rf3+
46. Kd2 Rf4 47. Kc3 Rxh4 48. b5 Rh3+ 49. Kb4 Rh1 50. b6 Rb1+ 51. Kc5 g5 52. Kc6
Rc1+ 53. Kd6 Rd1+ 54. Kc7 Rc1+ 55. Kb8 g4 56. b7 g3 57. Ra3 g2 58. Rh3+ Kg6 59.
Rg3+ Kf6 60. Rxg2 Ra1 61. Rb2 Ke6 62. Kc7 Ra7 63. Kc6 Rxb7 64. Rxb7 f5 65. Kc5
Ke5 66. Re7+ Kf6 67. Re1 Kg5 68. Kd5 f4 69. Ke4 f3 70. Kxf3 Kf5 71. Kg3 Kg5 72.
Rf1 Kg6 73. Kh4 Kh6 74. Rg1 Kh7 75. Kh5 Kh8 76. Kg6 Kg8 77. Rf1 Kh8 78. Rf8# {
QueenMaxima checkmated} 1-0

[Event "ICS rated bullet match"]
[Site "204.178.125.65"]
[Date "2000.11.22"]
[Round "?"]
[White "Marpy1"]
[Black "Hossa"]
[Result "0-1"]
[WhiteElo "2308"]
[BlackElo "2549"]
[PlyCount "60"]
[EventDate "2000.??.??"]

1. d4 Nf6 2. c3 d5 3. g3 e6 4. Bg2 c5 5. Nf3 cxd4 6. cxd4 Bb4+ 7. Nc3 Ne4 8.
Bd2 Nxd2 9. Qxd2 Nc6 10. a3 Be7 11. O-O Na5 12. Qc2 Nc4 13. Nd2 Nxd2 14. Qxd2
Bd7 15. e4 dxe4 16. Bxe4 Qb6 17. d5 e5 18. Rfd1 Bg4 19. Re1 O-O 20. Qe3 Bc5 21.
Qd2 Bd4 22. b4 Rac8 23. Na4 Qb5 24. Nb2 f5 25. Bd3 Qxd5 26. Rac1 Rxc1 27. Rxc1
Kh8 28. Bc4 Qf3 29. Qd1 Bxf2+ 30. Kf1 Bh3# {Marpy1 checkmated} 0-1